| 000 | 01159nam a22003497a 4500 | ||
|---|---|---|---|
| 003 | CHAP | ||
| 005 | 20220817042315.0 | ||
| 008 | 971013s1975 r 00010 d | ||
| 010 | _a40316 | ||
| 011 | _a41288 | ||
| 035 | _a45414 | ||
| 040 | _cCHAP | ||
| 082 |
_a630.71 _bE51g |
||
| 110 |
_aENA _936669 |
||
| 245 | _aProyecto de reglamento Universidad Autónoma Chapingo | ||
| 260 |
_aChapingo, Méx. : _bENA, _c1975 |
||
| 300 | _a48 p. | ||
| 590 |
_aBATCH-UPD _b10 _c20130110 _lUCH01 _h1233 |
||
| 590 |
_aBATCH-UPD _b10 _c20130410 _lUCH01 _h0802 |
||
| 590 |
_aBATCH-UPD _b10 _c20130914 _lUCH01 _h1240 |
||
| 590 |
_aCONVERSION _b10 _c20130109 _lUCH01 _h1322 |
||
| 650 | 1 | 4 |
_aEducación agrícola _xLeyes. _935532 |
| 650 | 1 | 4 |
_aEducación agrícola _zMéxico. _935552 |
| 650 | 1 | 4 |
_aPolítica educativa _zMéxico. _990561 |
| 650 | 1 | 4 |
_aUniversidades _xAdministración _xMéxico. _9116599 |
| 710 | 0 | _aUACH. | |
| 901 | _aBK | ||
| 942 | _cLIBRO | ||
| 949 |
_a630.71 E51g _bBC _cLIBRO _d-103718 _eLIBRO _h33838 _i45414 _si |
||
| 949 |
_a630.71 E51g _bBC _cLIBRO _d-103719 _eLIBRO _fc.2 _h50377 _i45414 _si |
||
| 949 |
_a630.71 E51g _bBC _cUACH _d-103720 _eUACH _fc.3 _h50377 _i45414 _si |
||
| 999 |
_c40316 _d40316 |
||